Statistics for Want You Back - 5 Seconds of Summer (All Lyrics)

Click here to take the quiz!

General Stats

  • This quiz has been taken 311 times
  • The average score is 319 of 343

Answer Stats

Want You Back% Correct
I
100%
you
100%
You
100%
back
99%
Want
99%
want
99%
when
99%
When
99%
go
98%
No
98%
no
98%
OutroAlways
97%
always
97%
know
97%
matter
97%
your
97%
gonna
95%
I'm
95%
never
95%
where
95%
get
94%
gone
94%
over
94%
that
94%
the
94%
me
93%
on
93%
say
93%
this
93%
to
93%
how
92%
you're
92%
ChorusAnd
91%
Is
91%
is
91%
long
91%
but
90%
But
90%
remember
90%
So
90%
will
90%
face
89%
just
89%
time
89%
ever
88%
if
88%
I'll
88%
it
88%
last
88%
laugh
88%
rain?
88%
see
88%
still
88%
tears
88%
Verse 1Can't
87%
for
87%
make
87%
way
87%
fucking
86%
or
86%
used
86%
could
85%
freckles
85%
my
85%
shirt
85%
nothing
84%
roses
84%
something
84%
Something
84%
told
84%
wondering
84%
Yeah
84%
brain
83%
don't
83%
insane
83%
Wish
83%
work
83%
doesn't
82%
help
82%
moved
82%
sound
82%
trust
82%
lately
81%
morning
81%
reach
81%
wake
81%
every
80%
up
80%
would
80%
change
79%
even
79%
dream
77%
won't
76%
Cause
73%
tell
73%
All
69%
think
68%
wrong
67%
went
66%
about
65%
though
63%

Score Distribution

Percentile by Number Answered

Percent of People with Each Score

Your Score History

You have not taken this quiz